Phương trình vô định, phương pháp giải và ứng dụng
Phương pháp vô định bậc nhất, bậc hai, hai ẩn và dạng đặc biệt
Tallennettuna:
| Päätekijä: | |
|---|---|
| Muut tekijät: | |
| Aineistotyyppi: | Kirja |
| Kieli: | Vietnamese |
| Julkaistu: |
Đà Nẵng
ĐH Đà Nẵng
2008
|
| Aiheet: | |
| Tagit: |
Lisää tagi
Ei tageja, Lisää ensimmäinen tagi!
|
| Thư viện lưu trữ: | Mạng thư viện Đại học Đà Nẵng |
|---|
| LEADER | 01348nam a2200349 4500 | ||
|---|---|---|---|
| 001 | 000010362 | ||
| 003 | 6564 | ||
| 005 | 20111213101249.0 | ||
| 008 | 111213s2008 viesd | ||
| 041 | |a vie | ||
| 082 | |a 512 |b PH-S | ||
| 100 | |a Phongsavanh SIHAVONG |e Tác giả | ||
| 245 | |a Phương trình vô định, phương pháp giải và ứng dụng |c Phongsavanh SIHAVONG | ||
| 260 | |a Đà Nẵng |b ĐH Đà Nẵng |c 2008 | ||
| 300 | |a 65 tr |c 29 cm |e 1 tóm tắt | ||
| 500 | |a Luận văn Thạc sĩ Khoa học. Chuyên ngành: Phương pháp toán sơ cấp. Mã số: 60.46.40 | ||
| 520 | |a Phương pháp vô định bậc nhất, bậc hai, hai ẩn và dạng đặc biệt | ||
| 653 | |a Luận văn | ||
| 653 | |a Thạc sĩ Khoa học | ||
| 653 | |a Toán sơ cấp | ||
| 653 | |a Vô định | ||
| 700 | |a Nguyễn Ngọc Châu |c TS. |e Người hướng dẫn | ||
| OWN | |a LSP | ||
| AVA | |a UDN50 |b LSP |d 512 PH-S |e available |t Error 5001 Not defined in file expand_doc_bib_avail. |f 1 |g 0 |h N |i 0 |k 1 | ||
| 999 | |a From the UDN01 | ||
| AVA | |a UDN50 |b LSP |d 512 PH-S |e available |t Error 5001 Not defined in file expand_doc_bib_avail. |f 1 |g 0 |h N |i 0 |k 1 | ||
| TYP | |a Monograph | ||
| TYP | |a Printed language | ||
| 980 | |a Mạng thư viện Đại học Đà Nẵng | ||